• 首页
  • 本馆介绍
  • 公告通知
  • 最新文献
  • 馆藏检索
  • 电子资源
  • 读者导购
  • 参考咨询
  • 我的图书馆
  • 登录
  • 详细信息显示
  • 放入我的书架
  • 预约/预借图书
  • 作者相关作品
  • 分类相关作品
  • 丛书相关作品
  • 出版社相关作品

书目信息

  • 表格格式
  • 工作单格式
  • 卡片格式
题名:
战略环境评价发展、经验与应用实践
    
 
作者: 李巍 , 李贞 , 李天威 编著
分册:  
出版信息: 北京   化学工业出版社  2006
页数: 240页
开本: 26cm
丛书名:
单 册:
中图分类: X820.3
科图分类:
主题词: 环境影响--评价 , 环境影响
电子资源:
ISBN: 7-5025-8602-4
000 01077nam0 2200277 450
001 003212206
005 20070805152125.32
010    @a7-5025-8602-4@dCNY48.00
035    @a003212206
100    @a20060210d2006 em y0chiy0110 ea
101 0  @achi
102    @aCN@b110000
105    @ay z 000yy
106    @ar
200 1  @a战略环境评价发展、经验与应用实践@Azhan lve huan jing ping jia fa zhan 、 jing yan yu ying yong shi jian@f李巍,李贞,李天威编著@Fli wei, li zhen, li tian wei bian zhu
210    @a北京@c化学工业出版社@d2006
215    @a240页@d26cm
330    @a本书基于对战略环境评价概念、特征、原则的深入剖析,结合在我国应用和发展战略环境评价的现实需求,全面总结了战略环境评价在世界范围内的发展过程以及在主要国家(包括发达国家、转型国家、发展中国家)和国际多边或双边合作中的发展经验等。
606 0  @a环境影响@x评价
606 0  @a环境影响
690    @aX820.3@v4
701  0 @a李巍@Ali wei@c(油田环境)@4编著
701  0 @a李贞@Ali zhen@c(环境)@4编著
701  0 @a李天威@Ali tian wei@c(环境)@4编著
801  0 @aCN@bNLC@c20070805
905    @dX820.3@e120@f5
    
    战略环境评价发展、经验与应用实践/李巍,李贞,李天威编著.-北京:化学工业出版社,2006
    240页;26cm
    
    
    ISBN 7-5025-8602-4:CNY48.00
    本书基于对战略环境评价概念、特征、原则的深入剖析,结合在我国应用和发展战略环境评价的现实需求,全面总结了战略环境评价在世界范围内的发展过程以及在主要国家(包括发达国家、转型国家、发展中国家)和国际多边或双边合作中的发展经验等。
●
相关链接 在E读中查询图书 在五车中查询图书 在当当中查询图书 在豆瓣中查询图书


正题名:战略环境评价发展、经验与应用实践     索取号:X820.3/120         预约/预借

序号 登录号 条形码 馆藏地/架位号 状态 备注
1 0851084   208510841   第二样本阅览室/ [索取号:X820.3/120] 在馆    
2 0851085   208510850   第三借阅区/ [索取号:X820.3/120] 在馆    
3 0851086   208510869   第三借阅区/ [索取号:X820.3/120] 在馆    
4 0851087   208510878   第三借阅区/ [索取号:X820.3/120] 在馆    
5 0851088   208510887   第三借阅区/ [索取号:X820.3/120] 在馆    
唐山师范学院图书馆 欢迎您!
大连网信软件有限公司© 版权所有